Normal view
MARC view
Entry Personal Name
001 - CONTROL NUMBER
- control field: 159410
003 - CONTROL NUMBER IDENTIFIER
- control field: OSt
005 - DATE AND TIME OF LATEST TRANSACTION
- control field: 20220923211207.0
008 - FIXED-LENGTH DATA ELEMENTS
- fixed length control field: 220923|| aca||aabn | a|a d
040 ## - CATALOGING SOURCE
- Original cataloging agency: OSt
- Transcribing agency: OSt
100 ## - HEADING--PERSONAL NAME
- Personal name: गिरि, अलका, ले
670 ## - SOURCE DATA FOUND
- Source citation: Work cat.: (OSt)296634: गिरि, अलका, ले., भारतीय चित्रकला में प्राप्त वस्त्राभूषणों का नाट्यशास्त्र में वर्णित आहार्य से तुलनात्मक अध्ययन, 2019
